| 000 | 00537nam a22001457a 4500 | ||
|---|---|---|---|
| 999 |
_c60686 _d60686 |
||
| 005 | 20231006170236.0 | ||
| 008 | 231006s1979 enk||||| |||| 00| 0 slo d | ||
| 041 | _aslo | ||
| 080 | _a069 R-45 | ||
| 245 |
_aRešena arheološka dediščina Ljubljane / _bMestni muzej Ljubljana, razstava v Likovnem razstavišču Riharda Jakopiča. |
||
| 264 |
_a Ljubljana, _c1979. |
||
| 300 |
_a144 p.: _bill.; _c21 cm. |
||
| 653 | _aლუბლიანას არქეოლოგიური მემკვიდრეობა | ||
| 942 |
_2udc _cBK |
||